Online
Catalog

Apropósitos / (Record no. 1947)

MARC details
000 -CABECERA
campo de control de longitud fija 00667cam a2200181 a 4500
001 - NÚMERO DE CONTROL
campo de control 000002087
005 - FECHA Y HORA DE LA ÚLTIMA TRANSACCIÓN
campo de control 20200929145828.0
008 - DATOS DE LONGITUD FIJA--INFORMACIÓN GENERAL
campo de control de longitud fija 770219s1965 ve c 001 0 spa
040 ## - FUENTE DE LA CATALOGACIÓN
Centro catalogador/agencia de origen DO-SdBNP
Lengua de catalogación spa
Centro/agencia transcriptor BNPHU
082 ## - NÚMERO DE LA CLASIFICACIÓN DECIMAL DEWEY
Número de clasificación V860
Número de documento/Ítem B262a
100 1# - ENTRADA PRINCIPAL--NOMBRE DE PERSONA
Nombre de persona Barnola, Pedro Pablo,
Fechas asociadas al nombre 1908-1986
9 (RLIN) 6717
245 10 - MENCIÓN DE TÍTULO
Título Apropósitos /
Mención de responsabilidad, etc. Pedro Pablo Barnola.
260 ## - PUBLICACIÓN, DISTRIBUCIÓN, ETC.
Lugar de publicación, distribución, etc. Caracas :
Nombre del editor, distribuidor, etc. Asociación de Escritores Venezolanos,
Fecha de publicación, distribución, etc. 1965.
300 ## - DESCRIPCIÓN FÍSICA
Extensión 140 p. :
Otras características físicas retr. ;
Dimensiones 17 cm.
490 1# - MENCIÓN DE SERIE
Mención de serie Cuadernos Literarios de la Asociación de Escritores Venezolanos
Designación de volumen o secuencia 124
650 #4 - PUNTO DE ACCESO ADICIONAL DE MATERIA--TÉRMINO DE MATERIA
Término de materia o nombre geográfico como elemento de entrada Literatura venezolana
9 (RLIN) 3816
830 #0 - PUNTO DE ACCESO ADICIONAL DE SERIE-TÍTULO UNIFORME
Título uniforme Cuadernos Literarios de la Asociación de Escritores Venezolanos
Número de parte o sección de la obra 124
9 (RLIN) 6718
Holdings
Estado de retiro Estado de pérdida Restricciones de uso No para préstamo Código de colección Localización permanente Ubicación/localización actual Ubicación en estantería Fecha de adquisición Número de inventario Total de préstamos Signatura topográfica completa Código de barras Fecha visto por última vez Precio válido a partir de Tipo de ítem Koha Número de copia
      Excluido de préstamo Monografías: Libros y Folletos General General Depósito 08.07.2009 LF1   V860 B262a 2087-10 25.06.2020 25.06.2020 No se presta  
      Excluido de préstamo Monografías: Libros y Folletos General General Depósito 13.04.2010 LF1   V860 B262a 2087-20 25.06.2020 25.06.2020 No se presta e. 2

Powered by Koha